[Event "Thessaloniki Triandria op 12th"]
[Site "Thessaloniki"]
[Date "2019.04.30"]
[Round "2"]
[White "Gil, Arthur"]
[Black "Petrov, Martin"]
[Result "0-1"]
[WhiteElo "2014"]
[BlackElo "2465"]
[PlyCount "38"]
[EventDate "2019.04.29"]
[EventType "swiss"]
[EventRounds "9"]
[EventCountry "GRE"]
[SourceTitle "CBM 190 Extra"]
[Source "ChessBase"]
[SourceDate "2019.07.15"]
[SourceVersion "1"]
[SourceVersionDate "2019.07.15"]
[SourceQuality "1"]

1. e4 c5 2. Nf3 d6 3. d4 cxd4 4. Nxd4 Nf6 5. Nc3 a6 6. h3 e5 7. Nf3 Be7 8. Bc4 Be6 9. Qe2 0-0 10. Be3 b5 11. Bb3 Nc6 12. Nd5 Bxd5 13. exd5 Na5 14. 0-0-0 Qc7 15. g4 Qb7 16. Qd2 Nc4 17. Bxc4 bxc4 18. c3 Rab8 19. Bg5 Ne4 0-1

[Event "Regionalliga Sued-Ost 1819"]
[Site "Bayern"]
[Date "2019.02.24"]
[Round "7.8"]
[White "Gil, Arthur"]
[Black "Saveljev, Juri"]
[Result "1-0"]
[WhiteElo "1971"]
[BlackElo "1660"]
[PlyCount "89"]
[EventDate "2018.10.21"]
[EventType "team-tourn"]
[EventRounds "9"]
[EventCountry "GER"]
[SourceTitle "EXT 2022"]
[Source "ChessBase"]
[SourceDate "2021.10.06"]
[SourceVersion "1"]
[SourceVersionDate "2021.10.06"]
[SourceQuality "1"]
[WhiteTeam "Ebersberg Grafing"]
[BlackTeam "Tegernsee TV"]
[WhiteTeamCountry "GER"]
[BlackTeamCountry "GER"]

1. e4 e5 2. Nf3 d6 3. d4 exd4 4. Nxd4 Nf6 5. Nc3 a6 6. Be2 Be7 7. 0-0 c5 8. Nf3 Nc6 9. Bf4 Nh5 10. Be3 Nf6 11. h3 0-0 12. a4 h6 13. Bc4 Be6 14. Qe2 Bxc4 15. Qxc4 Qb6 16. Rfe1 Qb4 17. Nd2 Qxc4 18. Nxc4 Nb4 19. Re2 Rad8 20. Nb6 Rfe8 21. Rd1 Nd7 22. Nxd7 Rxd7 23. Bxc5 Nc6 24. Be3 Bf6 25. Nd5 Rxe4 26. Nxf6+ gxf6 27. Red2 Kg7 28. b3 Re6 29. Bc5 Kg6 30. Kf1 f5 31. Rxd6 Rdxd6 32. Rxd6 Rxd6 33. Bxd6 Nd4 34. Bc5 Nxc2 35. Ke2 Na1 36. b4 Nc2 37. Kd2 Na3 38. b5 Nc4+ 39. Kc3 Ne5 40. f4 Nd7 41. Kc4 Kf6 42. Kd5 axb5 43. axb5 b6 44. Bd4+ Ke7 45. Kc6 1-0

[Event "Schilcherland op 2nd"]
[Site "Deutschlandsberg"]
[Date "2019.01.02"]
[Round "6"]
[White "Gil, Arthur"]
[Black "Danner, Georg"]
[Result "0-1"]
[WhiteElo "1994"]
[BlackElo "2349"]
[PlyCount "100"]
[EventDate "2018.12.29"]
[EventType "swiss"]
[EventRounds "9"]
[EventCountry "AUT"]
[SourceTitle "CBM 188 Extra"]
[Source "ChessBase"]
[SourceDate "2019.02.26"]
[SourceVersion "1"]
[SourceVersionDate "2019.02.26"]
[SourceQuality "1"]

1. e4 c5 2. Nf3 Nc6 3. d4 cxd4 4. Nxd4 Nf6 5. Nc3 d6 6. Bg5 e6 7. Qd2 Be7 8. 0-0-0 0-0 9. Kb1 Nxd4 10. Qxd4 Nxe4 11. Nxe4 Bxg5 12. Nxg5 Qxg5 13. Qxd6 Bd7 14. f4 Qf6 15. Qd4 Qxd4 16. Rxd4 Bc6 17. Rd2 Rad8 18. Bd3 g6 19. Rhd1 Kg7 20. Bf1 Rxd2 21. Rxd2 h6 22. g3 g5 23. b4 a6 24. c4 gxf4 25. gxf4 Kf6 26. Bh3 Rg8 27. Kb2 Rg1 28. Kc3 Rb1 29. a3 Ra1 30. Kb2 Re1 31. Kc3 h5 32. Rd4 Ra1 33. Kb2 Rh1 34. Rd2 e5 35. fxe5+ Kxe5 36. Bc8 f5 37. b5 axb5 38. cxb5 Be4 39. a4 Rb1+ 40. Ka3 Rc1 41. Bd7 b6 42. Rb2 f4 43. Kb4 Rd1 44. Bc6 Rd4+ 45. Kb3 f3 46. Ra2 Kf4 47. Kc3 Ke3 48. Ra1 f2 49. a5 bxa5 50. Bxe4 Rxe4 0-1

[Event "Caldaro op 3rd"]
[Site "Caldaro"]
[Date "2018.11.04"]
[Round "6"]
[White "Paveglio, Mattia"]
[Black "Gil, Arthur"]
[Result "1/2-1/2"]
[WhiteElo "1870"]
[BlackElo "1999"]
[PlyCount "99"]
[EventDate "2018.11.01"]
[EventType "swiss"]
[EventRounds "6"]
[EventCountry "ITA"]
[SourceTitle "EXT 2021"]
[Source "ChessBase"]
[SourceDate "2020.10.23"]
[SourceVersion "1"]
[SourceVersionDate "2020.10.23"]
[SourceQuality "1"]

1. d4 Nf6 2. Nf3 g6 3. Bf4 Bg7 4. e3 0-0 5. Bd3 d6 6. Nbd2 c5 7. c3 Nc6 8. 0-0 Re8 9. Bb5 Bd7 10. Bg3 a6 11. Be2 Bf5 12. Nh4 Bc8 13. Nb3 b6 14. Re1 Bb7 15. a4 Ne4 16. Qc2 Nxg3 17. hxg3 Qc7 18. d5 Ne5 19. Rad1 Qd7 20. Nc1 Reb8 21. c4 Bc8 22. Nd3 Qb7 23. Nxe5 Bxe5 24. Rb1 Bd7 25. b3 Qc7 26. f4 Bf6 27. Kf2 b5 28. Nf3 bxa4 29. bxa4 Qa5 30. Bd1 Rb4 31. Rxb4 Qxb4 32. Re2 Rb8 33. Ne1 Qb1 34. Nd3 Qa1 35. Re1 Rb1 36. Kg1 Bc3 37. Rf1 Bf5 38. Be2 Rxf1+ 39. Bxf1 Be4 40. g4 a5 41. Kf2 f5 42. g5 Kg7 43. Qb3 Bxd3 44. Bxd3 Bb4 45. Be2 h6 46. Qd1 Qc3 47. Qh1 h5 48. g3 Ba3 49. Qb1 Bc1 50. Qd3 1/2-1/2

[Event "Innsbruck op-A 2nd"]
[Site "Innsbruck"]
[Date "2018.08.31"]
[Round "8"]
[White "Gil, Arthur"]
[Black "Gratze, Michael"]
[Result "1/2-1/2"]
[WhiteElo "2012"]
[BlackElo "1923"]
[PlyCount "83"]
[EventDate "2018.08.24"]
[EventType "swiss"]
[EventRounds "9"]
[EventCountry "AUT"]
[SourceTitle "CBM 186 Extra"]
[Source "ChessBase"]
[SourceDate "2018.08.24"]
[SourceVersion "1"]
[SourceVersionDate "2018.08.24"]
[SourceQuality "1"]

1. e4 c5 2. Nf3 d6 3. d4 cxd4 4. Nxd4 Nf6 5. Nc3 Bd7 6. Bc4 Nc6 7. Bb3 e6 8. Ndb5 Qb8 9. Bf4 Ne5 10. Qe2 a6 11. Nd4 b5 12. Bg3 Be7 13. Rd1 0-0 14. 0-0 b4 15. Nb1 Nc6 16. c3 Rc8 17. Nd2 bxc3 18. bxc3 Nxd4 19. cxd4 Qb4 20. Bc4 Bb5 21. Bxb5 axb5 22. Nb3 d5 23. f3 Qa4 24. Rc1 Rc4 25. Bh4 Qa3 26. Rc2 h6 27. Rfc1 g5 28. Bf2 Bb4 29. h4 Rac8 30. hxg5 hxg5 31. exd5 Nxd5 32. Rxc4 bxc4 33. Rxc4 Rxc4 34. Qxc4 Qxa2 35. Qc8+ Kg7 36. Nc5 Qa1+ 37. Kh2 Bxc5 38. Qxc5 Qf1 39. Bg3 f6 40. Qa7+ Kg6 41. Qa8 Kh7 42. Qb7+ 1/2-1/2

[Event "Innsbruck op-A 2nd"]
[Site "Innsbruck"]
[Date "2018.08.30"]
[Round "7"]
[White "Sucher, Johannes"]
[Black "Gil, Arthur"]
[Result "1-0"]
[WhiteElo "2141"]
[BlackElo "2012"]
[PlyCount "119"]
[EventDate "2018.08.24"]
[EventType "swiss"]
[EventRounds "9"]
[EventCountry "AUT"]
[SourceTitle "CBM 186 Extra"]
[Source "ChessBase"]
[SourceDate "2018.08.24"]
[SourceVersion "1"]
[SourceVersionDate "2018.08.24"]
[SourceQuality "1"]

1. d4 c5 2. c3 e6 3. Nf3 d5 4. g3 Nc6 5. Bg2 Nf6 6. 0-0 Be7 7. dxc5 Bxc5 8. b4 Bd6 9. Qb3 0-0 10. Rd1 e5 11. Na3 Be6 12. Ng5 e4 13. Nb5 Be5 14. Be3 Ng4 15. Nxe6 fxe6 16. Bc5 Qf6 17. Rf1 Rf7 18. f4 exf3 19. Rxf3 Qh6 20. h3 Rxf3 21. exf3 Ne3 22. f4 Nxg2 23. Kxg2 b6 24. Bf2 a6 25. Na3 Qg6 26. fxe5 Qe4+ 27. Kg1 Nxe5 28. Qc2 Nd3 29. Rd1 Nxf2 30. Qxf2 Rf8 31. Qe1 Qf3 32. Nc2 e5 33. Ne3 d4 34. cxd4 exd4 35. Nf1 d3 36. Rd2 Qd5 37. Rf2 Rc8 38. Qe3 h6 39. Qf3 Qc4 40. Qf4 b5 41. Qd6 Rc6 42. Qd8+ Kh7 43. Rf3 Qxb4 44. Qxd3+ Kh8 45. Qd8+ Kh7 46. Rf8 Qc5+ 47. Kh1 Rd6 48. Rh8+ Kg6 49. Qe8+ Kg5 50. h4+ Kg4 51. Qe2+ Kh3 52. Qg2+ Kg4 53. Nh2+ Kh5 54. Qe2+ Kg6 55. Qe8+ Kf5 56. Qh5+ g5 57. Qf3+ Ke5 58. Re8+ Kd4 59. Re4+ Kd5 60. Re2+ 1-0

[Event "Innsbruck op-A 2nd"]
[Site "Innsbruck"]
[Date "2018.08.26"]
[Round "2"]
[White "Gil, Arthur"]
[Black "Gatterer, Florian"]
[Result "0-1"]
[WhiteElo "2012"]
[BlackElo "2245"]
[PlyCount "46"]
[EventDate "2018.08.24"]
[EventType "swiss"]
[EventRounds "9"]
[EventCountry "AUT"]
[SourceTitle "CBM 186 Extra"]
[Source "ChessBase"]
[SourceDate "2018.08.24"]
[SourceVersion "1"]
[SourceVersionDate "2018.08.24"]
[SourceQuality "1"]

1. e4 c6 2. d4 d5 3. e5 Bf5 4. Nf3 e6 5. Be2 Nd7 6. 0-0 Bg6 7. Be3 Nh6 8. Nbd2 Nf5 9. c4 dxc4 10. Nxc4 Be7 11. Qb3 Nb6 12. a4 Nxc4 13. Bxc4 Qd7 14. Rad1 0-0 15. Bd2 Bh5 16. Bc3 Nh4 17. Rd3 Nxf3+ 18. gxf3 Rab8 19. a5 b5 20. axb6 axb6 21. Ba6 b5 22. Bb4 Rb6 23. Ra1 Ra8 0-1

[Event "Regionalliga Sued-Ost 1718"]
[Site "Bayern"]
[Date "2018.03.18"]
[Round "8.7"]
[White "Jordan, Tobias"]
[Black "Gil, Arthur"]
[Result "1/2-1/2"]
[WhiteElo "1920"]
[BlackElo "1933"]
[PlyCount "40"]
[EventDate "2017.10.22"]
[EventType "team-tourn"]
[EventRounds "9"]
[EventCountry "GER"]
[SourceTitle "EXT 2022"]
[Source "ChessBase"]
[SourceDate "2021.10.06"]
[SourceVersion "1"]
[SourceVersionDate "2021.10.06"]
[SourceQuality "1"]
[WhiteTeam "Graefelfing SK"]
[BlackTeam "Ebersberg Grafing"]
[WhiteTeamCountry "GER"]
[BlackTeamCountry "GER"]

1. e4 e5 2. Nf3 Nc6 3. d4 exd4 4. Nxd4 Qf6 5. Be3 Bc5 6. c3 Nge7 7. Bc4 Ne5 8. Be2 d5 9. 0-0 dxe4 10. Nd2 Qg6 11. Bh5 Nf3+ 12. N4xf3 Qxh5 13. Bxc5 exf3 14. Bxe7 Kxe7 15. Re1+ Be6 16. Nxf3 Rhd8 17. Nd4 Qxd1 18. Raxd1 c5 19. Nxe6 Rxd1 20. Rxd1 Kxe6 1/2-1/2

[Event "Regionalliga Sued-Ost 1718"]
[Site "Bayern"]
[Date "2017.10.22"]
[Round "1.6"]
[White "Gil, Arthur"]
[Black "Feierlein, Robert"]
[Result "0-1"]
[WhiteElo "1933"]
[BlackElo "2059"]
[PlyCount "55"]
[EventDate "2017.10.22"]
[EventType "team-tourn"]
[EventRounds "9"]
[EventCountry "GER"]
[SourceTitle "EXT 2022"]
[Source "ChessBase"]
[SourceDate "2021.10.06"]
[SourceVersion "1"]
[SourceVersionDate "2021.10.06"]
[SourceQuality "1"]
[WhiteTeam "Ebersberg Grafing"]
[BlackTeam "Groebenzell II"]
[WhiteTeamCountry "GER"]
[BlackTeamCountry "GER"]

1. e4 d6 2. d4 Nf6 3. Nc3 g6 4. Bg5 Bg7 5. Qd2 h6 6. Bf4 c6 7. 0-0-0 b5 8. Bd3 a5 9. Nf3 a4 10. e5 b4 11. Ne4 Nxe4 12. Bxe4 d5 13. Bd3 b3 14. a3 bxc2 15. Qxc2 g5 16. Bd2 Qb6 17. Bc3 0-0 18. Nd2 c5 19. dxc5 Qxc5 20. h4 g4 21. f4 Nc6 22. Rde1 d4 23. Ne4 Qd5 24. Ng5 dxc3 25. Bc4 Qd2+ 26. Qxd2 cxd2+ 27. Kxd2 hxg5 28. hxg5 0-1

[Event "Pfarrkirchen Rottal op 1st"]
[Site "Pfarrkirchen"]
[Date "2017.04.17"]
[Round "6"]
[White "Kleibel, Uwe"]
[Black "Gil, Arthur"]
[Result "1/2-1/2"]
[WhiteElo "2181"]
[BlackElo "2059"]
[PlyCount "30"]
[EventDate "2017.04.14"]
[EventType "swiss"]
[EventRounds "7"]
[EventCountry "GER"]
[SourceTitle "CBM 177 Extra"]
[Source "ChessBase"]
[SourceDate "2017.04.27"]
[SourceVersion "1"]
[SourceVersionDate "2017.04.27"]
[SourceQuality "1"]

1. e4 e5 2. Nf3 Nc6 3. Bc4 Nf6 4. d3 Bc5 5. 0-0 d6 6. c3 Be6 7. Nbd2 a6 8. Bb3 Qd7 9. Nc4 0-0-0 10. Be3 Bxc4 11. Bxc4 Bxe3 12. fxe3 d5 13. exd5 Nxd5 14. Bxd5 Qxd5 15. d4 Qe4 1/2-1/2

[Event "Pfarrkirchen Rottal op 1st"]
[Site "Pfarrkirchen"]
[Date "2017.04.16"]
[Round "5"]
[White "Huber, Herbert"]
[Black "Gil, Arthur"]
[Result "0-1"]
[WhiteElo "1808"]
[BlackElo "2059"]
[PlyCount "78"]
[EventDate "2017.04.14"]
[EventType "swiss"]
[EventRounds "7"]
[EventCountry "GER"]
[SourceTitle "CBM 177 Extra"]
[Source "ChessBase"]
[SourceDate "2017.04.27"]
[SourceVersion "1"]
[SourceVersionDate "2017.04.27"]
[SourceQuality "1"]

1. d4 Nf6 2. c4 c5 3. d5 b5 4. cxb5 a6 5. b6 d6 6. Nc3 g6 7. e4 Bg7 8. Nf3 0-0 9. Be2 Qxb6 10. 0-0 a5 11. h3 Ba6 12. Rb1 Nbd7 13. Be3 Rfb8 14. Nd2 Ne8 15. Bg5 Ne5 16. Bxa6 Rxa6 17. Na4 Qb4 18. b3 Nf6 19. Qe2 Ra7 20. Rbc1 Qb5 21. Nc4 Rab7 22. f4 Nxc4 23. Rxc4 Qa6 24. Qf3 e6 25. dxe6 fxe6 26. f5 gxf5 27. exf5 e5 28. Bxf6 Bxf6 29. Qd5+ Kh8 30. Qe6 Rf8 31. Rxc5 Rg7 32. Rc4 Qa7+ 33. Kh1 Qe3 34. Qxd6 Be7 35. Qb6 Qd3 36. Qf2 e4 37. Re1 Bb4 38. Rf1 Rfg8 39. Qc2 Qxf1+ 0-1

[Event "Arber op 3rd"]
[Site "Bayerisch Eisenstein"]
[Date "2014.08.23"]
[Round "8"]
[White "Reuter, Roland"]
[Black "Gil, Arthur"]
[Result "0-1"]
[WhiteElo "2007"]
[BlackElo "2032"]
[PlyCount "44"]
[EventDate "2014.08.16"]
[EventType "swiss"]
[EventRounds "9"]
[EventCountry "GER"]
[SourceTitle "CBM 161 Extra"]
[Source "ChessBase"]
[SourceDate "2014.08.29"]
[SourceVersion "1"]
[SourceVersionDate "2014.08.29"]
[SourceQuality "1"]

1. e4 c5 2. Nf3 Nc6 3. d4 cxd4 4. Nxd4 Nf6 5. Nc3 e5 6. Nf3 Bb4 7. Bd3 d5 8. exd5 Bxc3+ 9. bxc3 Qxd5 10. c4 Qa5+ 11. Bd2 Qc7 12. Bc3 Bg4 13. h3 Bh5 14. 0-0 0-0-0 15. Bf5+ Kb8 16. Qe1 Bxf3 17. gxf3 Nd4 18. Qe3 Nxf5 19. Qg5 Nd4 20. Kh1 Nxf3 21. Qxg7 Qc6 22. Rfd1 Rdg8 0-1

[Event "Arber op 3rd"]
[Site "Bayerisch Eisenstein"]
[Date "2014.08.22"]
[Round "7"]
[White "Gil, Arthur"]
[Black "Haman, Jakub"]
[Result "0-1"]
[WhiteElo "2032"]
[BlackElo "2181"]
[PlyCount "54"]
[EventDate "2014.08.16"]
[EventType "swiss"]
[EventRounds "9"]
[EventCountry "GER"]
[SourceTitle "CBM 161 Extra"]
[Source "ChessBase"]
[SourceDate "2014.08.29"]
[SourceVersion "1"]
[SourceVersionDate "2014.08.29"]
[SourceQuality "1"]

1. e4 d6 2. d4 Nf6 3. Nc3 g6 4. Bg5 Bg7 5. Qd2 h6 6. Bh4 g5 7. Bg3 Nh5 8. 0-0-0 e6 9. Kb1 Nc6 10. d5 Ne5 11. Nf3 Nxg3 12. hxg3 Nxf3 13. gxf3 Bd7 14. Nb5 0-0 15. Nd4 Qf6 16. Bh3 c5 17. dxc6 bxc6 18. c3 Rab8 19. Ka1 c5 20. Nb3 Ba4 21. f4 Bxb3 22. fxg5 hxg5 23. e5 Qxe5 24. axb3 Rxb3 25. f4 Qe4 26. Qd3 Qa4+ 27. Kb1 Bxc3 0-1

[Event "Regionalliga SO 1314"]
[Site "Bayern"]
[Date "2014.04.06"]
[Round "9.6"]
[White "Lippert, Frank"]
[Black "Gil, Arthur"]
[Result "1/2-1/2"]
[WhiteElo "1988"]
[BlackElo "1986"]
[PlyCount "25"]
[EventDate "2013.10.13"]
[EventType "team-tourn"]
[EventRounds "9"]
[EventCountry "GER"]
[SourceTitle "EXT 2015"]
[Source "ChessBase"]
[SourceDate "2014.11.20"]
[SourceVersion "1"]
[SourceVersionDate "2014.11.20"]
[SourceQuality "1"]
[WhiteTeam "Graefelfing"]
[BlackTeam "Ebersberg Grafing"]
[WhiteTeamCountry "GER"]
[BlackTeamCountry "GER"]

1. Nf3 c5 2. g3 Nc6 3. Bg2 Nf6 4. 0-0 g6 5. d4 cxd4 6. Nxd4 Bg7 7. c4 0-0 8. Nc3 Nxd4 9. Qxd4 d6 10. b3 Nd7 11. Qd2 Nc5 12. Bb2 a5 13. Nd5 1/2-1/2

[Event "Regionalliga SO 1314"]
[Site "Bayern"]
[Date "2014.02.23"]
[Round "7.5"]
[White "Gil, Arthur"]
[Black "Bergerhoff, Andreas"]
[Result "1-0"]
[WhiteElo "1986"]
[BlackElo "1960"]
[PlyCount "47"]
[EventDate "2013.10.13"]
[EventType "team-tourn"]
[EventRounds "9"]
[EventCountry "GER"]
[SourceTitle "EXT 2015"]
[Source "ChessBase"]
[SourceDate "2014.11.20"]
[SourceVersion "1"]
[SourceVersionDate "2014.11.20"]
[SourceQuality "1"]
[WhiteTeam "Ebersberg Grafing"]
[BlackTeam "Bruckmuehl"]
[WhiteTeamCountry "GER"]
[BlackTeamCountry "GER"]

1. e4 c5 2. Nf3 Nc6 3. d4 cxd4 4. Nxd4 Nf6 5. Nc3 h6 6. Be3 d6 7. Bb5 Bd7 8. 0-0 Nxd4 9. Qxd4 g6 10. Rad1 Bg7 11. e5 Bxb5 12. Nxb5 Nd7 13. f4 a6 14. Nc3 dxe5 15. fxe5 Bxe5 16. Qd5 e6 17. Qxb7 Rb8 18. Qa7 Qc7 19. Qxc7 Bxc7 20. Rxf7 Kxf7 21. Rxd7+ Kf6 22. Rxc7 Rxb2 23. Bd4+ e5 24. Ne4+ 1-0

[Event "Regionalliga SO 1314"]
[Site "Bayern"]
[Date "2013.10.13"]
[Round "1.5"]
[White "Gil, Arthur"]
[Black "Saveljev, Juri"]
[Result "1-0"]
[WhiteElo "1986"]
[BlackElo "1763"]
[PlyCount "69"]
[EventDate "2013.10.13"]
[EventType "team-tourn"]
[EventRounds "9"]
[EventCountry "GER"]
[SourceTitle "EXT 2015"]
[Source "ChessBase"]
[SourceDate "2014.11.20"]
[SourceVersion "1"]
[SourceVersionDate "2014.11.20"]
[SourceQuality "1"]
[WhiteTeam "Ebersberg Grafing"]
[BlackTeam "Tegernsee"]
[WhiteTeamCountry "GER"]
[BlackTeamCountry "GER"]

1. e4 e5 2. Nf3 Nc6 3. Bb5 d6 4. 0-0 Nf6 5. Re1 Be7 6. d4 exd4 7. Nxd4 Bd7 8. Nc3 0-0 9. Bf4 Ne5 10. Bxd7 Qxd7 11. Qe2 Qg4 12. Qxg4 Nfxg4 13. Rad1 Nf6 14. Nf5 Bd8 15. Nd5 Nxd5 16. Rxd5 Re8 17. Bxe5 Rxe5 18. Rxe5 dxe5 19. Rd1 Kf8 20. Kf1 g6 21. Ne3 Ke8 22. Rd5 f6 23. g4 c6 24. Rd3 Be7 25. Nc4 Rc8 26. Rh3 b5 27. Ne3 Kd7 28. Rxh7 Rg8 29. h4 a5 30. h5 gxh5 31. Nf5 Re8 32. gxh5 Kd8 33. h6 Bc5 34. Rg7 Rh8 35. h7 1-0